| 000 | 00652nam a22002177a 4500 | ||
|---|---|---|---|
| 003 | OSt | ||
| 005 | 20140310182201.0 | ||
| 008 | 130903t xxu||||| |||| 00| 0 eng d | ||
| 020 | _a9813029048 | ||
| 050 |
_aGR 340 _b.J74 1996 |
||
| 082 |
_aHS 808.87 _bJ67 1993 |
||
| 245 |
_aJokes, comic tales & proverbs / _ccompiled and retold by Chong Kum Fatt |
||
| 260 |
_aSingapore : _bAsiapac, _cc1993. |
||
| 300 |
_a130 p. : _bill. ; _c21 cm. |
||
| 600 |
_aFatt, Chong Kum _915674 |
||
| 650 |
_aChinese wit and humor. _915675 |
||
| 650 |
_aindian wit and humor. _915676 |
||
| 650 |
_aKorean wit and humor _915677 |
||
| 942 |
_2lcc _cHS |
||
| 999 |
_c10230 _d10230 |
||